000 00489nam a2200205Ia 4500
005 20250425162649.0
008 250425s9999 xx 000 0 und d
020 _a0962452912
041 _aeng
082 _a543.3
245 0 _aAQUACULTURE AND WATER QUALITY
250 _aS.E
260 _aEstados Unidos
_bTHE WORLD AQUACULTURE SOCIETY
_c1991
260 _aNEW YORK
300 _a605
650 _aACUICULTURA
650 _aCALIDAD DEL AGUA
942 _c01
010 _a95092
999 _c233885
_d233885